zpět

Detail výsledku týmu

R.A.M., Jablonec nad Nisou

Datum a čas kvízu

31.5 Celkem bodů Celkový počet nahraných bodů na tomto kvízu bez doplňovacích otázek.
9. Pořadí na kvízu Konečné umístění týmu na tomto kvízu.

Zaznamenané odpovědi

# Otázka Odpověď Body Výsledky
1. Minulý týden bylo oznámeno, že... kněz 0
2. Předsednictví v Radě Evropské... Maďarsko 0
3. V úterý měla na letní scéně pr... Miloš Forman 0
4. Americký výrobce čipů prezentu... Nvidia 1
5. Naše talentovaná 24letá reprez... plavání 1
11. Jak se nazývá specializované o... A 0
12. Jak se jmenuje ovoce na obrázk... kumquat (nagami nebo počeštěně kumkvat) 1
13. Nyní nás bude zajímat ovoce zv... C 1
14. Vypište z následující řady dva... kiwano, goji 0.5
15. Níže jsou názvy tří odrůd jabl... C 1